Chargement en cours...
Mahayaatra gaatha:2/
| Auteur principal: | |
|---|---|
| Format: | Printed Book |
| Publié: |
New Delhi:
Kithabghar Prakashan,
2006.
|
| LEADER | 00355 a2200109 4500 | ||
|---|---|---|---|
| 100 | |a Rangeya Raghav | ||
| 245 | |a Mahayaatra gaatha:2/ |c Rangeya Raghav | ||
| 260 | |a New Delhi: |b Kithabghar Prakashan, |c 2006. | ||
| 300 | |a 382p. | ||
| 942 | |2 ddc |c BK | ||
| 999 | |c 240320 |d 240320 | ||
| 952 | |0 0 |1 0 |4 0 |7 0 |9 266755 |a HIN |b HIN |c REF |d 2011-10-12 |i 20078 |l 0 |p HIN20078 |r 2011-10-12 |w 2014-02-07 |y REF | ||